000 00452pab a2200181 454500
008 180718b2008 xxu||||| |||| 00| 0 eng d
100 _aRaneja, Nisha
245 _aAddressing barriers to intra-SAARC trade
260 _c2008
300 _ap.67-76.
362 _aMar
650 _aSouth Asian Free Trade Arrangements
700 _aRastogi, Rashmi
700 _aSawhney, Aparna
773 _aMan and Development
908 _aN
909 _a78011
999 _c78011
_d78011